000 00390nam a22001577a 4500
003 SGT
020 _a9780074518717
082 _a628.532
_bRAO
100 _aRAO,M.N
245 _aAIR POLLUTION
260 _aNEW DELHI
_bTMH
_c2014
300 _a339
650 _aCIVIL ENGINEERING
653 _aAIR POLLUTION,EFFECTS OF AIR POLLUTION ON HUMAN,ANIMAL, PLANTS HEALTH & ,
942 _2ddc
_cBK
_07
999 _c8190
_d8190